<?xml version="1.0" encoding="UTF-8"?>
<record
    xmlns:xsi="http://www.w3.org/2001/XMLSchema-instance"
    xsi:schemaLocation="http://www.loc.gov/MARC21/slim http://www.loc.gov/standards/marcxml/schema/MARC21slim.xsd"
    xmlns="http://www.loc.gov/MARC21/slim">

  <leader>01093nam a22002897a 4500</leader>
  <controlfield tag="003">AUA.1</controlfield>
  <controlfield tag="005">20240112074938.0</controlfield>
  <controlfield tag="008">111222t        xxu||||| |||| 00| 0 eng d</controlfield>
  <datafield tag="010" ind1=" " ind2=" ">
    <subfield code="a">8171768</subfield>
  </datafield>
  <datafield tag="020" ind1=" " ind2=" ">
    <subfield code="a">9780310522126</subfield>
  </datafield>
  <datafield tag="040" ind1=" " ind2=" ">
    <subfield code="c">F</subfield>
  </datafield>
  <datafield tag="050" ind1=" " ind2=" ">
    <subfield code="a">BS 491.2</subfield>
    <subfield code="b">.W67 2001</subfield>
  </datafield>
  <datafield tag="100" ind1=" " ind2=" ">
    <subfield code="a">Christensen, Duane L. </subfield>
    <subfield code="9">18357</subfield>
  </datafield>
  <datafield tag="245" ind1=" " ind2=" ">
    <subfield code="a">Word Biblical commentary :</subfield>
    <subfield code="b"> Deuteronomy 21:10-34:12 /</subfield>
    <subfield code="c">Duane L. Christensen</subfield>
  </datafield>
  <datafield tag="260" ind1=" " ind2=" ">
    <subfield code="a">Grand Rapids, Michigan :</subfield>
    <subfield code="b">Zondervan, </subfield>
    <subfield code="c">c1997</subfield>
  </datafield>
  <datafield tag="300" ind1=" " ind2=" ">
    <subfield code="a">xxxii, 409 p. :</subfield>
    <subfield code="c">24 cm</subfield>
  </datafield>
  <datafield tag="440" ind1=" " ind2=" ">
    <subfield code="a">Word Biblical commentary</subfield>
    <subfield code="n">v. 6B</subfield>
    <subfield code="9">48877</subfield>
  </datafield>
  <datafield tag="504" ind1=" " ind2=" ">
    <subfield code="a">Include bibliography and index.</subfield>
  </datafield>
  <datafield tag="650" ind1=" " ind2=" ">
    <subfield code="a">Word Biblical commentary:</subfield>
    <subfield code="v"> Deuteronomy 21:10-34:12</subfield>
    <subfield code="x">Bible</subfield>
    <subfield code="y">commentaries</subfield>
    <subfield code="9">18358</subfield>
  </datafield>
  <datafield tag="700" ind1=" " ind2=" ">
    <subfield code="a">Hubbard, David A.</subfield>
    <subfield code="4">General ed.</subfield>
    <subfield code="9">48847</subfield>
  </datafield>
  <datafield tag="700" ind1=" " ind2=" ">
    <subfield code="a">Barker, Glenn W.</subfield>
    <subfield code="4">General ed.</subfield>
    <subfield code="9">48848</subfield>
  </datafield>
  <datafield tag="700" ind1=" " ind2=" ">
    <subfield code="a">Watts, John D.</subfield>
    <subfield code="4">Old Testament editor</subfield>
  </datafield>
  <datafield tag="700" ind1=" " ind2=" ">
    <subfield code="a">Watts Jmaes W.</subfield>
    <subfield code="4">Old Testament editor</subfield>
  </datafield>
  <datafield tag="700" ind1=" " ind2=" ">
    <subfield code="a">Martin, Ralph P.</subfield>
    <subfield code="4"> New Testament ed.</subfield>
    <subfield code="9">48850</subfield>
  </datafield>
  <datafield tag="700" ind1=" " ind2=" ">
    <subfield code="a">Lynn Allan Losie</subfield>
    <subfield code="4"> New Testament ed.</subfield>
  </datafield>
  <datafield tag="942" ind1=" " ind2=" ">
    <subfield code="2">lcc</subfield>
    <subfield code="c">REF</subfield>
    <subfield code="h">BS 491.2</subfield>
    <subfield code="i">.W67 1997</subfield>
  </datafield>
  <datafield tag="999" ind1=" " ind2=" ">
    <subfield code="c">24117</subfield>
    <subfield code="d">24117</subfield>
  </datafield>
  <datafield tag="952" ind1=" " ind2=" ">
    <subfield code="0">0</subfield>
    <subfield code="1">0</subfield>
    <subfield code="2">lcc</subfield>
    <subfield code="4">0</subfield>
    <subfield code="7">0</subfield>
    <subfield code="8">REF</subfield>
    <subfield code="a">AUA.1</subfield>
    <subfield code="b">AUA.1</subfield>
    <subfield code="c">REF</subfield>
    <subfield code="d">2016-07-27</subfield>
    <subfield code="e">Bought by JTL</subfield>
    <subfield code="g">30.01</subfield>
    <subfield code="h">AUA018225</subfield>
    <subfield code="l">2</subfield>
    <subfield code="o">BS 491.2 .W67 1997</subfield>
    <subfield code="p">AUA018225</subfield>
    <subfield code="r">2017-04-24 00:00:00</subfield>
    <subfield code="s">2017-04-23</subfield>
    <subfield code="t">v.6B,c.2</subfield>
    <subfield code="v">30.01</subfield>
    <subfield code="w">2016-07-27</subfield>
    <subfield code="y">REF</subfield>
  </datafield>
  <datafield tag="952" ind1=" " ind2=" ">
    <subfield code="0">0</subfield>
    <subfield code="1">0</subfield>
    <subfield code="2">lcc</subfield>
    <subfield code="4">0</subfield>
    <subfield code="7">0</subfield>
    <subfield code="8">REF</subfield>
    <subfield code="a">AUA.1</subfield>
    <subfield code="b">AUA.1</subfield>
    <subfield code="c">REF</subfield>
    <subfield code="d">2019-03-03</subfield>
    <subfield code="e">Bought by JTL</subfield>
    <subfield code="g">30.64</subfield>
    <subfield code="h">AUA24457</subfield>
    <subfield code="l">0</subfield>
    <subfield code="o">BS 491.2 .W67 1997</subfield>
    <subfield code="p">AUA24457</subfield>
    <subfield code="r">2019-03-03 00:00:00</subfield>
    <subfield code="t">v.6B</subfield>
    <subfield code="v">30.64</subfield>
    <subfield code="w">2019-03-03</subfield>
    <subfield code="y">REF</subfield>
  </datafield>
</record>
